000
00298nam a2200121Ia 4500
008
190216s9999||||xx |||||||||||||| ||und||
100
_a
Fyodor Dosthoyavaski
245
0
_a
Hindi- Daridru Narayan Rajath Rathem
260
_b
Rajana Prakashan
_c
2010
300
_a
200
650
_a
Hindi
942
_c
BK
999
_c
16816
_d
16816